Posłowie Konfederacji W X Kadencji Sejmu - Statystyki

Ogólne statystyki
  • Ten quiz został rozwiązany 60 razy
  • Średni wynik to 8 z 18
Statystyki odpowiedzi
Imie I Nazwisko % Poprawnych
Sławomir Mentzen
96%
Krzysztof Bosak
92%
Karina Bosak
63%
Konrad Berkowicz
63%
Roman Fritz
56%
Grzegorz Płaczek
54%
Przemysław Wipler
54%
Witold Tumanowicz
42%
Włodzimierz Skalik
42%
Bartłomiej Pejo
37%
Michał Wawer
35%
Andrzej Zapałowski
33%
Ryszard Wilk
33%
Krzysztof Mulawa
31%
Bronisław Foltyn
29%
Michał Połuboczek
29%
Krzysztof Tuduj
21%
Krzysztof Szymański
17%
Nie znaleziono quizów pasujących do podanych kryteriów
Rozkład punktacji
Procent ludzi z każdym wynikiem
Percentyl według liczby udzielonych odpowiedzi
Twoja historia wyników
Nie rozwiązałeś tego quizu